000 00430nam a22001817a 4500
003 OSt
005 20250508131325.0
008 250423b |||||||| |||| 00| 0 eng d
020 _a9788119361915
082 _a320.954
_bSWAE
100 _aSwarup,Anil
245 _aEncounter with politicians
260 _aNew Delhi
_bUnique publishers
300 _a268
546 _aEnglish
651 _aPolitical Science
942 _2ddc
_cBK
999 _c3763
_d3763